000 00752nam a2200217 i 4500
001 63755
003 ES-MaACL
005 20250829042911.0
007 t|
008 031216s1942 mx ||||1| spa d
100 1 _aFiggis, John Neville.
_950741
245 1 3 _aEl Derecho divino de los reyes y tres ensayos adicionales /
_cJohn Neville Figgis ; versión española por Edmundo O'Gorman.
250 _a[1ª ed. española].
260 _aMéxico :
_bFondo de Cultura Económica,
_c1942 (
_fPanamericana)
300 _a326 p. ;
_c24 cm.
490 1 _aGrandes estudios ;
_v3
700 1 _aO'Gorman, Edmundo.
_986329
830 0 0 _aColección grandes estudios
_v3
_9220949
852 _aES-MaACL
_jD-7249
_bR.29370
999 _c63755
_d63755